Basketball Champions League Asia 2024 participating teams - Statistics

General Stats
  • This quiz has been taken 5 times
  • The average score is 3 of 8
Answer Stats
Country Teams % Correct
Lebanon Al Riyadi
75%
Iran Shahrdary Gorgan
75%
South Korea KCC Egis
50%
Japan Hiroshima Dragonflies
25%
China Liaoning Flying Leopards
25%
UAE Shabab Al Ahli Dubai
25%
Malaysia NS Matrix
0%
Indonesia Pelita Jaya
0%
No matching quizzes found
Score Distribution
Percent of People with Each Score
Percentile by Number Answered
Your Score History
You have not taken this quiz